Viaje al silencio (Record no. 188480)

MARC details
000 -LEADER
campo de control de longitud fija 00961nam a2200241 i 4500
001 - NÚMERO DE CONTROL
campo de control 188480
003 - IDENTIFICADOR DE NÚMERO DE CONTROL
campo de control SpMaBN
005 - FECHA Y HORA DE LA ÚLTIMA TRANSACCIÓN
campo de control 20250907063138.0
008 - DATOS DE LONGITUD FIJA--INFORMACIÓN GENERAL
campo de control de longitud fija 181127s2004 sp b |||| | spa d
020 ## - NÚMERO INTERNACIONAL ESTÁNDAR DEL LIBRO
Número Internacional Estándar del Libro 84-206-5803-0
080 ## - NÚMERO DE LA CLASIFICACIÓN DECIMAL UNIVERSAL
Número de la Clasificación Decimal Universal 913(47+57)
100 1# - ENTRADA PRINCIPAL--NOMBRE DE PERSONA
Nombre de persona López-Seivane, Francisco,
Fechas asociadas al nombre 1945-
9 (RLIN) 73976
245 10 - MENCIÓN DEL TÍTULO
Título Viaje al silencio
Resto del título : aventuras y desventuras de un viajero del siglo XXI por los remotos y olvidados caminos de Asia Central /
Mención de responsabilidad, etc. Francisco López-Seivane.
246 34 - FORMA VARIANTE DEL TITULO
Título propio/Titulo breve Viaje al silencio por los caminos del Asia Central
260 ## - PUBLICACIÓN, DISTRIBUCIÓN, ETC.
Lugar de publicación, distribución, etc. Madrid :
Nombre del editor, distribuidor, etc. Alianza Editorial,
Fecha de publicación, distribución, etc. [2004]
300 ## - DESCRIPCIÓN FÍSICA
Extensión 334 p. :
Otras características físicas mapas ;
Dimensiones 18 cm.
490 1# - MENCIÓN DE SERIE
Mención de serie El libro de bolsillo.
-- Viajes ;
Designación de volumen o secuencia 5942
651 #7 - PUNTO DE ACCESO ADICIONAL DE MATERIA--NOMBRE GEOGRÁFICO
Nombre geográfico Países de la antigua URSS-
Subdivisión general Descripción.
9 (RLIN) 165629
830 0# - PUNTO DE ACCESO ADICIONAL DE SERIE-TÍTULO UNIFORME
Título uniforme El libro de bolsillo.
-- Viajes ;
Designación de volumen o secuencia 5942
9 (RLIN) 225700
852 ## - LOCALIZACIÓN
Ubicación ES-MaACL
Número de control de estantería A-14286
itemnumber 195610
Sublocalización o colección R.151619
Ubicación en estantería Depósito 1
Signatura antigua Olim: N-7286
942 ## - ELEMENTOS DE ENTRADA SECUNDARIOS (KOHA)
Fuente del sistema de clasificación o colocación Clasificación decimal universal
Tipo de ítem Koha Libro impreso
Holdings
Estatus retirado Estado de pérdida Fuente del sistema de clasificación o colocación Estado de daño No para préstamo Biblioteca de origen Biblioteca actual Ubicación en estantería Fecha de adquisición Fuente de adquisición Total de préstamos Signatura topográfica completa Código de barras Visto por última vez Precio de reemplazo Tipo de ítem Koha
    Clasificación decimal universal     Biblioteca del Ateneo de Madrid Biblioteca del Ateneo de Madrid Depósito 1 27/11/2018 Donación   A-14286 1199386 23/02/2023 23/02/2023 Libro impreso